| 000 | 00374nam a2200145 4500 | ||
|---|---|---|---|
| 003 | OSt | ||
| 005 | 20230914114215.0 | ||
| 008 | 230914b |||||||| |||| 00| 0 eng d | ||
| 020 | _a9789355854575 | ||
| 040 | _c | ||
| 082 |
_2I _a510 _bSHI/NIR |
||
| 245 |
_aBASIC MATHEMATICS _cSHINDE VITTHAL B _hENGLISH |
||
| 260 |
_aPUNE _bTECHNICAL PUBLICATION _c2023 |
||
| 942 |
_2ddc _n0 _cBK _eI |
||
| 999 |
_c35955 _d35955 |
||